00722 2200253 4500001002100000005001700021008004100038020001800079035002400097082001000121090001500131245010100146260006000247300003000307650001400337650001700351700002200368850001400390980001300404985000600417999001500423999001500438999001500453YOGYA-0209000001703820090227022719.0 ind  a979-456-183-5 0010-020900000017038 a618.2 a618.2bKeh aKEHAMILAN, kelahiran, perawatan ibu dan bayi dalam konteks budayacpenyunting, Meutia F. Swasono aJakartabPenerbit Universitas Indonesia(UI Press)c1998 axiv, 360 hlmbilusc23 cm aKehamilan aIbu dan anak aSwasono, Meutia F aYOPDYOG B a15-12-05 a3 a02P0001531 a02P0001531 a02P0001533